Kluby Piłkarskie na kraj - Statystyki

Ogólne statystyki
  • Ten quiz został rozwiązany 145 razy
  • Średni wynik to 5 z 9
Statystyki odpowiedzi
Klub Kraj % Poprawnych
Chelsea FC Anglia
98%
Ajax Amsterdam Holandia
98%
FC Metz Francja
74%
Viking FK Norwegia
71%
Ferencvaros Węgry
63%
Hapoel Ironi Kiryat Shmon Izrael
40%
Bohemians 1905 Czechy
39%
Shillong Lajong FC Indie
21%
FC Llapi Kosowo
21%
Nie znaleziono quizów pasujących do podanych kryteriów
Rozkład punktacji
Procent ludzi z każdym wynikiem
Percentyl według liczby udzielonych odpowiedzi
Twoja historia wyników
Nie rozwiązałeś tego quizu